| 000 | 00760nam a2200301Ia 4500 | ||
|---|---|---|---|
| 001 | 12129 | ||
| 005 | 20240113235342.0 | ||
| 007 | ta | ||
| 008 | 051005s1967 g b000 u eng u | ||
| 020 | _cPB | ||
| 040 | _aCotton College,Assam | ||
| 041 | _aeng | ||
| 082 |
_a370.954 _bSa 69 Ed |
||
| 100 | _aSapra, C.L.. | ||
| 245 | 0 |
_aEducational Wastage and Stagnation in India / _cC.L.Sapra. _hTextual Documents |
|
| 250 | _a1st ed. / | ||
| 260 |
_aDelhi : _bNCERT , _c1967. |
||
| 300 |
_a56p. ; _c21cm. |
||
| 653 | _aEducation | ||
| 653 | _aEducation-India | ||
| 653 | _aWastage and Stagnation-Education | ||
| 653 | _aG-Education | ||
| 942 |
_2ddc _cBK |
||
| 999 |
_c12116 _d12116 |
||